LEADER 01024nam0 2200361 450 001 990000922660203316 010 $a88-15-06717-5 035 $a0092266 035 $aUSA010092266 035 $a(ALEPH)000092266USA01 035 $a0092266 100 $a20000407d1998 |||||ita|01 ba 101 $aita 102 $aIT 105 $a|||| ||||| 200 1 $aIn difesa del Risorgimento$fAlfonso Scirocco 210 $aBologna$cIl mulino$d1998 215 $a199 p.$d21 cm 225 $aCollana di storia contemporanea 410 1$12001$aCollana di storia contemporanea 606 0 $aRisorgimento italiano 676 $a945.083 700 1$aSCIROCCO,$bAlfonso$036925 801 0$aIT$bsalbc$gISBD 912 $a990000922660203316 951 $aIII E COLL. 151/12$b147180 LM$cIII E COLL. 959 $aBK 969 $aUMA 979 $aPATTY$b90$c20020129$lUSA01$h1459 979 $c20020403$lUSA01$h1735 979 $aPATRY$b90$c20040406$lUSA01$h1703 996 $aIn difesa del Risorgimento$970003 997 $aUNISA LEADER 01002nam--2200349---450- 001 990003093780203316 005 20080410110918.0 035 $a000309378 035 $aUSA01000309378 035 $a(ALEPH)000309378USA01 035 $a000309378 100 $a20080410d1975----km-y0itay50------ba 101 $aeng 102 $aUS 105 $a||||||||001yy 200 1 $aFamily encyclopedia of American history$fReader's digest 210 $aPleasantville, N.Y.$cReader's Digest Association$dcopyr. 1975 215 $a1370 p.$cill.$d27 cm 410 0$12001 454 1$12001 461 1$1001-------$12001 606 0 $aEnciclopedie$xDizionari$yStai Uniti 676 $a929.2 710 02$a<> Readers digest association$0601099 801 0$aIT$bsalbc$gISBD 912 $a990003093780203316 951 $aI.0.C.8$b1728 DSLL 959 $aBK 969 $aDSLL 979 $aDSLL$b90$c20080410$lUSA01$h1109 996 $aFamily encyclopedia of American history$91019154 997 $aUNISA LEADER 01012cam0-2200337---450- 001 990009845570403321 005 20140409092157.0 010 $a978-88-430-6834-0 035 $a000984557 035 $aFED01000984557 035 $a(Aleph)000984557FED01 035 $a000984557 100 $a20140403d2013----km-y0itay50------ba 101 0 $aita 102 $aIT 105 $aa-------001yy 200 1 $a<>forza riformatrice della cittadinanza attiva$fGiuseppe Cotturri 210 $aRoma$cCarocci$d2013 215 $a157 p.$ctab.$d22 cm 225 1 $aBiblioteca di testi e studi$v836 300 $aIn copertina: LABSUS, Laboratorio per la sussidiarietà 610 0 $aVolontariato 676 $a323.0420945$v22$zita 700 1$aCotturri,$bGiuseppe$0121116 801 0$aIT$bUNINA$gREICAT$2UNIMARC 901 $aBK 912 $a990009845570403321 952 $aCollez. 1587 (836)$b51549$fFSPBC 959 $aFSPBC 996 $aForza riformatrice della cittadinanza attiva$9826244 997 $aUNINA LEADER 01230nam--2200361---450- 001 990003587770203316 005 20111109121132.0 035 $a000358777 035 $aUSA01000358777 035 $a(ALEPH)000358777USA01 035 $a000358777 100 $a20111109d1993----km-y0itay50------ba 105 $a||||||||001yy 200 1 $aCodice del mercato finanziario$edisciplina comunitaria, legislativa, regolamentare e amministrativa del mercato dei valori mobiliari$fa cura di Francecso Carbonetti e Francesco Chiappetta$gappendice di disposizioni fiscali a cura di Franco Caleffi 210 $aAssago$cIPSOA scuola d'impresa$dc1993 215 $a2812 p.$d20 cm 300 $aIn custodia 410 0$12001 454 1$12001 461 1$1001-------$12001 606 0 $aTitoli di rendita$2BNCF$xLegislazione 676 $a346.45092 700 1$aCARBONETTI,$bFrancesco$0115298 701 1$aCHIAPPETTA,$bFrancesco$0115650 702 1$aCALEFFI,$bFranco 801 0$aIT$bsalbc$gISBD 912 $a990003587770203316 951 $a346.45092 CAR$b74 L DISES 959 $aBK 969 $aDISES 979 $aMORRIELLO$b00$c20111109$lUSA01$h1211 996 $aCodice del mercato finanziario$91136036 997 $aUNISA